LeBron Nicknames - Statistics

General Stats
  • This quiz has been taken 92 times
  • The average score is 3 of 8
Answer Stats
Hint Answer % Correct
👑 the king
99%
🐐 goat
77%
Nickname from cooking the Raptors lebronto
45%
Got this from being known to manage the Lakers leGM
43%
Got this nickname from high school The Chosen One
38%
His home city The akron hammer
22%
🚂 l-train
10%
Got this from being known to be really powerfull lethanos
4%
No matching quizzes found
Score Distribution
Percent of People with Each Score
Percentile by Number Answered
Your Score History
You have not taken this quiz